Measuring the social impact of natural resource policies / (Record no. 12658)

MARC details
000 -LEADER
fixed length control field 01235cam a2200337 a 4500
001 - CONTROL NUMBER
control field 461331
003 - CONTROL NUMBER IDENTIFIER
control field OSt
005 - DATE AND TIME OF LATEST TRANSACTION
control field 20211014101120.0
008 - FIXED-LENGTH DATA ELEMENTS--GENERAL INFORMATION
fixed length control field 830621s1984 nmua b s001 0 eng
010 ## - LIBRARY OF CONGRESS CONTROL NUMBER
LC control number 83012378
020 ## - INTERNATIONAL STANDARD BOOK NUMBER
International Standard Book Number 082630690X :
Terms of availability $29.95
040 ## - CATALOGING SOURCE
Original cataloging agency DLC
Transcribing agency HU
Modifying agency DLC
043 ## - GEOGRAPHIC AREA CODE
Geographic area code n-us---
050 00 - LIBRARY OF CONGRESS CALL NUMBER
Classification number HD9502.U52
Item number B86 1984
082 00 - DEWEY DECIMAL CLASSIFICATION NUMBER
Classification number 333.79/0973
Edition number 19
100 1# - MAIN ENTRY--PERSONAL NAME
Personal name Burch, William R.,
Dates associated with a name 1933-
9 (RLIN) 6723
245 10 - TITLE STATEMENT
Title Measuring the social impact of natural resource policies /
Statement of responsibility, etc. William R. Burch, Jr., Donald R. DeLuca, with the assistance of Laurel Burch-Minakan, Carol Zimerman, Gary Machlis.
250 ## - EDITION STATEMENT
Edition statement 1st ed.
260 ## - PUBLICATION, DISTRIBUTION, ETC.
Place of publication, distribution, etc. Albuquerque :
Name of publisher, distributor, etc. University of New Mexico Press,
Date of publication, distribution, etc. c1984.
300 ## - PHYSICAL DESCRIPTION
Extent xvi, 216 p. :
Other physical details ill. ;
Dimensions 25 cm
500 ## - GENERAL NOTE
General note Includes index.
504 ## - BIBLIOGRAPHY, ETC. NOTE
Bibliography, etc. note Bibliography: p. 195-209.
650 #0 - SUBJECT ADDED ENTRY--TOPICAL TERM
Topical term or geographic name entry element Energy policy
Geographic subdivision United States.
9 (RLIN) 13519
650 #0 - SUBJECT ADDED ENTRY--TOPICAL TERM
Topical term or geographic name entry element Natural resources
General subdivision Government policy
Geographic subdivision United States.
9 (RLIN) 13520
650 #0 - SUBJECT ADDED ENTRY--TOPICAL TERM
Topical term or geographic name entry element Environmental policy
Geographic subdivision United States.
9 (RLIN) 13521
650 #0 - SUBJECT ADDED ENTRY--TOPICAL TERM
Topical term or geographic name entry element Policy sciences.
9 (RLIN) 13522
651 #0 - SUBJECT ADDED ENTRY--GEOGRAPHIC NAME
Geographic name United States
General subdivision Social policy
Chronological subdivision 1980-1993.
9 (RLIN) 13523
700 1# - ADDED ENTRY--PERSONAL NAME
Personal name DeLuca, Donald R.
9 (RLIN) 13524
906 ## - LOCAL DATA ELEMENT F, LDF (RLIN)
a 7
b cbc
c orignew
d 1
e ocip
f 19
g y-gencatlg
942 ## - ADDED ENTRY ELEMENTS (KOHA)
Source of classification or shelving scheme Dewey Decimal Classification
Koha item type Books like text book referance book
Suppress in OPAC No
Holdings
Withdrawn status Lost status Source of classification or shelving scheme Damaged status Not for loan Collection code Home library Current library Shelving location Date acquired Total Checkouts Full call number Barcode Date last seen Copy number Price effective from Koha item type
    Dewey Decimal Classification     Reference Wondo Genet Library Wondo Genet Library General Stacks 10/14/2021   333.79/0973BUR1984 WGCFNRL00004457 10/14/2021 1 10/14/2021 Books like text book referance book
    Dewey Decimal Classification     Reference Wondo Genet Library Wondo Genet Library General Stacks 10/14/2021   333.79/0973BUR1984 WGCFNRL00004458 10/14/2021 2 10/14/2021 Books like text book referance book